000 00288nam a22001337a 4500
008 170810b xxu||||| |||| 00| 0 eng d
020 _a9780929652115
041 _aeng
080 _a004
100 _a35
101 _aSHK
245 _aENTEPRISE E-COMMERCE
_cFINGAR,P
942 _2udc
_cBK
999 _c23183
_d23183